00355nam a2200109Ia 4500008004100000020001800041100002100059245011400080250001200194260002500206300001400231171205s9999 xx 000 0 und d a9781496324849 aGersch, Carolyn. cCarolyn Gersch, Nicole Heimgartner, Cherie Rebar, Laura WillisaMedical-Surgical Nursing made Incredibly Easy a4th ed. bWolters Kluwerc2017 a961 pages